Opening doors to the world, (Record no. 106371)

MARC details
000 -LEADER
fixed length control field 01265cam a2200337 ar4500
008 - FIXED-LENGTH DATA ELEMENTS--GENERAL INFORMATION
fixed length control field 080608s1998 ua a b 100 0 eng d
020 ## - INTERNATIONAL STANDARD BOOK NUMBER
International Standard Book Number 0889368775
040 ## - CATALOGING SOURCE
Original cataloging agency StDuBDS
Transcribing agency STF
Modifying agency OCL
-- OCLCQ
-- DLC
043 ## - GEOGRAPHIC AREA CODE
Geographic area code ff-----
-- aw-----
050 00 - LIBRARY OF CONGRESS CALL NUMBER
Classification number HC415.15063
Item number .O67 1998
092 04 - LOCALLY ASSIGNED DEWEY CALL NUMBER (OCLC)
Classification number 330.956
Item number O614
Edition number 21
099 ## - LOCAL FREE-TEXT CALL NUMBER (OCLC)
Classification number 04
-- 330.956 O614
245 00 - TITLE STATEMENT
Title Opening doors to the world,
Remainder of title A New Trade Agenda for the Middle East /
Statement of responsibility, etc. edited by Raed Safadi.
246 14 - VARYING FORM OF TITLE
Title proper/short title Fourth Mediterranean Development Forum MDF4
246 30 - VARYING FORM OF TITLE
Title proper/short title MENA trade and investment in the new economy
250 ## - EDITION STATEMENT
Edition statement An Economic Research Forum ed.
260 ## - PUBLICATION, DISTRIBUTION, ETC.
Place of publication, distribution, etc. Cairo ;
-- New York :
Name of publisher, distributor, etc. American University in Cairo Press,
Date of publication, distribution, etc. 1998.
300 ## - PHYSICAL DESCRIPTION
Extent 403 p. :
Other physical details ill. ;
Dimensions 23 cm.
500 ## - GENERAL NOTE
General note copy n. (203601) Gift from Shirin Abd al-Qadir
504 ## - BIBLIOGRAPHY, ETC. NOTE
Bibliography, etc. note Includes bibliographical references, and index.
651 #0 - SUBJECT ADDED ENTRY--GEOGRAPHIC NAME
Geographic name Middle East
General subdivision Commerce.
651 #0 - SUBJECT ADDED ENTRY--GEOGRAPHIC NAME
Geographic name Middle East
General subdivision Commercial policy.
651 #0 - SUBJECT ADDED ENTRY--GEOGRAPHIC NAME
Geographic name Middle East
General subdivision Commercial treaties.
700 1# - ADDED ENTRY--PERSONAL NAME
Personal name Safadi, Raed,
Dates associated with a name 1958-
710 2# - ADDED ENTRY--CORPORATE NAME
Corporate name or jurisdiction name as entry element Economic Research Forum for the Arab Countries,Iran and Turkey.
902 ## - LOCAL DATA ELEMENT B, LDB (RLIN)
No. of Items 2
905 ## - LOCAL DATA ELEMENT E, LDE (RLIN)
Cataloger Ibrahim
Reviser Rev
905 ## - LOCAL DATA ELEMENT E, LDE (RLIN)
Cataloger Jamal
Reviser Cat
942 ## - ADDED ENTRY ELEMENTS (KOHA)
Source of classification or shelving scheme Dewey Decimal Classification
Koha item type Books
Holdings
Source of classification or shelving scheme Not for loan Home library Current library Date acquired Full call number Barcode Date last seen Copy number Koha item type
Dewey Decimal Classification   المكتبة المركزبة الجديدة - جامعة القاهرة قاعة الكتب - الدور الثاني 11.02.2024 330.956 O614 01000110185233000 23.09.2023 C.1 Books
Dewey Decimal Classification   المكتبة المركزبة الجديدة - جامعة القاهرة قاعة الكتب - الدور الثاني 11.02.2024 330.956 O614 01000110203601000 23.09.2023 C.2 Books
Cairo University Libraries Portal Implemented & Customized by: Eng. M. Mohamady Contacts: new-lib@cl.cu.edu.eg | cnul@cl.cu.edu.eg
CUCL logo CNUL logo
© All rights reserved — Cairo University Libraries
CUCL logo
Implemented & Customized by: Eng. M. Mohamady Contact: new-lib@cl.cu.edu.eg © All rights reserved — New Central Library
CNUL logo
Implemented & Customized by: Eng. M. Mohamady Contact: cnul@cl.cu.edu.eg © All rights reserved — Cairo National University Library